<?xml version="1.0" encoding="UTF-8"?>
<record
    xmlns:xsi="http://www.w3.org/2001/XMLSchema-instance"
    xsi:schemaLocation="http://www.loc.gov/MARC21/slim http://www.loc.gov/standards/marcxml/schema/MARC21slim.xsd"
    xmlns="http://www.loc.gov/MARC21/slim">

  <leader>00784nam a22002057a 4500</leader>
  <datafield tag="999" ind1=" " ind2=" ">
    <subfield code="c">8828</subfield>
    <subfield code="d">8828</subfield>
  </datafield>
  <controlfield tag="008">221101b           ||||| |||| 00| 0 eng d</controlfield>
  <datafield tag="020" ind1=" " ind2=" ">
    <subfield code="a">9781305577213 (hbk.)</subfield>
  </datafield>
  <datafield tag="040" ind1=" " ind2=" ">
    <subfield code="a">GUL</subfield>
    <subfield code="b">eng</subfield>
    <subfield code="c">TOSD</subfield>
    <subfield code="d">TOSD</subfield>
  </datafield>
  <datafield tag="042" ind1=" " ind2=" ">
    <subfield code="a">pcc</subfield>
  </datafield>
  <datafield tag="082" ind1=" " ind2=" ">
    <subfield code="2">615.056B16</subfield>
    <subfield code="a">23</subfield>
  </datafield>
  <datafield tag="100" ind1="1" ind2=" ">
    <subfield code="a">Skoog, Douglas A.,</subfield>
    <subfield code="e">author.</subfield>
  </datafield>
  <datafield tag="245" ind1="1" ind2="0">
    <subfield code="a">Principles of instrumental analysis</subfield>
    <subfield code="c">Douglas A. Skoog, Stanford University, F. James Holler, University of Kentucky, Stanley R. Crouch, Michigan State University.</subfield>
  </datafield>
  <datafield tag="250" ind1=" " ind2=" ">
    <subfield code="a">Seventh edition.</subfield>
  </datafield>
  <datafield tag="300" ind1=" " ind2=" ">
    <subfield code="a">xix, 959 pages :</subfield>
    <subfield code="b">illustrations (some color) ;</subfield>
    <subfield code="c">29 cm</subfield>
  </datafield>
  <datafield tag="650" ind1=" " ind2="0">
    <subfield code="a">Instrumental analysis</subfield>
    <subfield code="v">Textbooks.</subfield>
  </datafield>
  <datafield tag="504" ind1=" " ind2=" ">
    <subfield code="a">Includes bibliographical references and index.</subfield>
  </datafield>
  <datafield tag="700" ind1="1" ind2=" ">
    <subfield code="a">Holler, F. James,</subfield>
    <subfield code="e">author.</subfield>
  </datafield>
  <datafield tag="700" ind1="1" ind2=" ">
    <subfield code="a">Crouch, Stanley R.,</subfield>
    <subfield code="e">author.</subfield>
  </datafield>
  <datafield tag="942" ind1=" " ind2=" ">
    <subfield code="2">ddc</subfield>
    <subfield code="c">BOOK</subfield>
  </datafield>
  <datafield tag="952" ind1=" " ind2=" ">
    <subfield code="0">0</subfield>
    <subfield code="1">0</subfield>
    <subfield code="2">ddc</subfield>
    <subfield code="4">0</subfield>
    <subfield code="7">0</subfield>
    <subfield code="a">GU-MLW</subfield>
    <subfield code="b">GU-MLW</subfield>
    <subfield code="e">Purchase (2022)</subfield>
    <subfield code="i">0040870</subfield>
    <subfield code="l">0</subfield>
    <subfield code="o">615.056 16 SKO</subfield>
    <subfield code="p">GU-MLW22110012</subfield>
    <subfield code="r">2022-11-01 00:00:00</subfield>
    <subfield code="w">2022-11-01</subfield>
    <subfield code="y">BOOK</subfield>
  </datafield>
  <datafield tag="952" ind1=" " ind2=" ">
    <subfield code="0">0</subfield>
    <subfield code="1">0</subfield>
    <subfield code="2">ddc</subfield>
    <subfield code="4">0</subfield>
    <subfield code="7">0</subfield>
    <subfield code="a">GU-MLW</subfield>
    <subfield code="b">GU-MLW</subfield>
    <subfield code="e">Purchase (2022)</subfield>
    <subfield code="i">0040871</subfield>
    <subfield code="l">0</subfield>
    <subfield code="o">615.056 16 SKO</subfield>
    <subfield code="p">GU-MLW22110013</subfield>
    <subfield code="r">2022-11-01 00:00:00</subfield>
    <subfield code="w">2022-11-01</subfield>
    <subfield code="y">BOOK</subfield>
  </datafield>
  <datafield tag="952" ind1=" " ind2=" ">
    <subfield code="0">0</subfield>
    <subfield code="1">0</subfield>
    <subfield code="2">ddc</subfield>
    <subfield code="4">0</subfield>
    <subfield code="7">0</subfield>
    <subfield code="a">GU-MLW</subfield>
    <subfield code="b">GU-MLW</subfield>
    <subfield code="e">Purchase (2022)</subfield>
    <subfield code="i">0040869</subfield>
    <subfield code="l">0</subfield>
    <subfield code="o">615.056 16 SKO</subfield>
    <subfield code="p">GU-MLW22110014</subfield>
    <subfield code="r">2022-11-01 00:00:00</subfield>
    <subfield code="w">2022-11-01</subfield>
    <subfield code="y">BOOK</subfield>
  </datafield>
</record>
